Statistics for Jackson 5 Members

Click here to take the quiz!

General Stats

  • This quiz has been taken 45 times
  • The average score is 5 of 6

Answer Stats

Instrument/ LeadMember% Correct
Lead VocalsMichael Jackson
100%
Vocals, GuitarTito Jackson
88%
Lead Vocals, Bass GuitarJermaine Jackson
85%
VocalsMarlon Jackson
83%
Lead Vocals, KeyboardRandy Jackson
76%
VocalsJackie Jackson
73%

Score Distribution

Percentile by Number Answered

Percent of People with Each Score

Your Score History

You have not taken this quiz